Normal view
MARC view
Entry Topical Term
001 - CONTROL NUMBER
- control field: 252995
003 - CONTROL NUMBER IDENTIFIER
- control field: OSt
005 - DATE AND TIME OF LATEST TRANSACTION
- control field: 20260128152320.0
008 - FIXED-LENGTH DATA ELEMENTS
- fixed length control field: 260128|| aca||aabn | a|a d
040 ## - CATALOGING SOURCE
- Original cataloging agency: OSt
- Transcribing agency: OSt
150 ## - HEADING--TOPICAL TERM
- Topical term or geographic name entry element: What is private equity
670 ## - SOURCE DATA FOUND
- Source citation: Work cat.: (OSt)195636: Demaria, Cyril. 252994, Introduction to private equity : , 2016.